000 00829nam a22002537a 4500
999 _c4209
_d4209
003 AR-CdUCM
008 190308b ||||| |||| 00| 0 spa d
020 _a968-16-1673-1
040 _aMUNICIPALIDAD PROVINCIAL DEL CUSCO
_cBIBLIOTECA MUNICIPAL DEL CUSCO
082 _a869.15 /
_bC33
100 _aCastellanos, Rosario
_94323
245 _aMujer que sabe Latin... /
260 _aMexico :
_bFonfo de Cultura Economica,
_c1984.
300 _a213 paginas ;
_c21cm.
440 _aLecturas Mexicanas
_n32
_913328
500 _aCultura SEP
505 _aContenido: La mujer y su imagen -- La mujer ante el espejo -- Bellas damas sin piedad-- La conciencia del oficio...
650 _aFeminismi
_913329
650 _aMexico
_918
650 _aLiteratura
_983
650 _aHistoria
_9136
942 _2ddc
_cLIBROS
945 _apjha